[Event "Montigny le Bretonneux Noel op 13th"]
[Site "Montigny le Bretonneux"]
[Date "2010.12.29"]
[Round "5"]
[White "Thomas, Vincent"]
[Black "Brisson, Pascal"]
[Result "1-0"]
[WhiteElo "1972"]
[BlackElo "1821"]
[PlyCount "119"]
[EventDate "2010.12.26"]
[EventType "swiss"]
[EventRounds "7"]
[EventCountry "FRA"]
[SourceTitle "CBM 140 Extra"]
[Source "ChessBase"]
[SourceDate "2011.03.01"]
[SourceVersion "1"]
[SourceVersionDate "2011.03.01"]
[SourceQuality "1"]

1. c4 e5 2. g3 Nf6 3. Bg2 d5 4. cxd5 Nxd5 5. Nc3 Nb6 6. Nf3 Nc6 7. 0-0 Be7 8. a3 a5 9. d3 Be6 10. b3 0-0 11. Bb2 f6 12. Rc1 Qd7 13. Re1 Rfd8 14. Nd2 Nd5 15. Nce4 Nd4 16. Nc5 Bxc5 17. Rxc5 c6 18. Rc1 Bh3 19. Bh1 Bg4 20. Bxd4 exd4 21. Bxd5+ Qxd5 22. Qc2 Rab8 23. Qc4 Be6 24. Qxd5 Bxd5 25. b4 a4 26. e4 dxe3 27. fxe3 Bf7 28. Rc3 Rd7 29. Ne4 Re7 30. Kf2 Rd8 31. Rb1 b5 32. Nc5 Be8 33. Rd1 h6 34. g4 Rd6 35. e4 h5 36. h3 hxg4 37. hxg4 g6 38. Rh1 Rh7 39. Rxh7 Kxh7 40. Rc1 Kg7 41. Ke3 Kf8 42. Rf1 Ke7 43. Rh1 Bf7 44. Rh8 Rd8 45. Rxd8 Kxd8 46. Kf4 Ke7 47. d4 Ba2 48. e5 fxe5+ 49. Kxe5 Bd5 50. g5 Bc4 51. Ne4 Bb3 52. Nf2 Be6 53. Nd3 Ba2 54. Nf4 Bb1 55. d5 cxd5 56. Kxd5 Bf5 57. Kc5 Bd7 58. Nxg6+ Kd8 59. Ne5 Be8 60. Kd6 1-0

[Event "Montigny le Bretonneux Noel op 13th"]
[Site "Montigny le Bretonneux"]
[Date "2010.12.26"]
[Round "1"]
[White "Thomas, Vincent"]
[Black "Hedjazian, Farhad"]
[Result "1-0"]
[WhiteElo "1972"]
[BlackElo "1669"]
[PlyCount "71"]
[EventDate "2010.12.26"]
[EventType "swiss"]
[EventRounds "7"]
[EventCountry "FRA"]
[SourceTitle "CBM 140 Extra"]
[Source "ChessBase"]
[SourceDate "2011.03.01"]
[SourceVersion "1"]
[SourceVersionDate "2011.03.01"]
[SourceQuality "1"]

1. e4 c5 2. Nf3 d6 3. d4 cxd4 4. Nxd4 Nf6 5. Nc3 a6 6. Bg5 e5 7. Nde2 Be7 8. Bxf6 Bxf6 9. Nd5 Nd7 10. c4 Nb6 11. Nec3 Nxd5 12. Nxd5 0-0 13. Be2 Bd7 14. 0-0 Bc6 15. Rc1 Rc8 16. Bg4 Rb8 17. Re1 Bxd5 18. cxd5 Qb6 19. Qd2 h6 20. Rc3 Qa5 21. Qe2 b5 22. Rec1 Bg5 23. Ra1 Rfd8 24. g3 Rb7 25. h4 Bf6 26. Rac1 Rbb8 27. b3 Qb4 28. Rc7 Qd4 29. Qf3 a5 30. Bh5 Rf8 31. Qf5 Rbd8 32. Rb7 Rb8 33. Bxf7+ Kh8 34. Rxb8 Be7 35. Rxf8+ Bxf8 36. Bg6 1-0

[Event "Massy 21th op"]
[Site "Massy "]
[Date "2009.07.03"]
[Round "?"]
[White "Thomas, Vincent"]
[Black "Dubessay, Bastien"]
[Result "0-1"]
[WhiteElo "1951"]
[BlackElo "2134"]
[PlyCount "94"]
[EventDate "2009.06.27"]
[EventType "swiss"]
[EventRounds "7"]
[EventCountry "FRA"]
[SourceTitle "EXT 2010"]
[Source "ChessBase"]
[SourceDate "2010.11.25"]
[SourceVersion "1"]
[SourceVersionDate "2010.11.25"]
[SourceQuality "1"]

1. c4 Nf6 2. Nc3 d5 3. cxd5 Nxd5 4. Nf3 Nxc3 5. bxc3 g6 6. Qa4+ c6 7. Qd4 Qxd4 8. Nxd4 Bg7 9. a4 e5 10. Nc2 0-0 11. Ba3 Rd8 12. d3 e4 13. d4 Be6 14. Rb1 b6 15. e3 c5 16. f3 exf3 17. gxf3 Nc6 18. Be2 Na5 19. Bd1 Rac8 20. Kf2 Nc4 21. Bc1 f5 22. Na3 Nxa3 23. Bxa3 cxd4 24. cxd4 f4 25. exf4 Bxd4+ 26. Kg3 Kg7 27. a5 h5 28. h4 Kf6 29. axb6 axb6 30. Re1 Rd7 31. Bb2 Bxb2 32. Rxb2 Rd6 33. Bc2 b5 34. Bb1 Bc4 35. Re5 Rd1 36. Rg5 Rg8 37. f5 gxf5 38. Rxg8 Rg1+ 39. Rg2 Rxg2+ 40. Kxg2 Bxg8 41. Kf2 b4 42. Ke3 Bd5 43. Kf4 b3 44. Bxf5 Bxf3 45. Bh7 Bd5 46. Bd3 Bf7 47. Ke3 Bg6 0-1

[Event "Massy 21th op"]
[Site "Massy "]
[Date "2009.??.??"]
[Round "?"]
[White "Thomas, Vincent"]
[Black "Lautier, Eric"]
[Result "1-0"]
[WhiteElo "1951"]
[BlackElo "1701"]
[PlyCount "63"]
[EventDate "2009.06.27"]
[EventType "swiss"]
[EventRounds "7"]
[EventCountry "FRA"]
[SourceTitle "EXT 2010"]
[Source "ChessBase"]
[SourceDate "2010.11.25"]
[SourceVersion "1"]
[SourceVersionDate "2010.11.25"]
[SourceQuality "1"]

1. c4 Nf6 2. Nc3 e6 3. e4 d6 4. d4 c5 5. Nf3 Nbd7 6. d5 e5 7. g3 Be7 8. Bg2 b6 9. 0-0 0-0 10. Ne1 Ne8 11. Nd3 f5 12. exf5 Rxf5 13. a3 Rf8 14. b4 Ba6 15. Qb3 Rb8 16. Nb5 Bxb5 17. cxb5 Nc7 18. a4 a6 19. bxa6 Nxa6 20. b5 Nc7 21. Nb2 Ra8 22. Nc4 Qb8 23. f4 Bf6 24. f5 Be7 25. Bd2 Nf6 26. Nxe5 Nxb5 27. axb5 Rxa1 28. Rxa1 Kh8 29. Nc6 Qe8 30. Re1 Rf7 31. Qe3 Nxd5 32. Bxd5 1-0

[Event "Montigny le Bretonneux Noel op 11th"]
[Site "Montigny le Bretonneux"]
[Date "2008.12.30"]
[Round "6"]
[White "Couronne, Patrice"]
[Black "Thomas, Vincent"]
[Result "0-1"]
[WhiteElo "1731"]
[BlackElo "1920"]
[PlyCount "144"]
[EventDate "2008.12.26"]
[EventType "swiss"]
[EventRounds "7"]
[EventCountry "FRA"]
[SourceTitle "EXT 2010"]
[Source "ChessBase"]
[SourceDate "2010.11.25"]
[SourceVersion "1"]
[SourceVersionDate "2010.11.25"]
[SourceQuality "1"]

1. b3 e5 2. Bb2 Nc6 3. e3 d5 4. Bb5 Bd6 5. f4 Qh4+ 6. g3 Qe7 7. Nf3 f6 8. Bxc6+ bxc6 9. fxe5 fxe5 10. Nxe5 Nf6 11. Nxc6 Qe4 12. 0-0 Bh3 13. Rf2 Ng4 14. Nc3 Qh1+ 15. Kxh1 Nxf2+ 16. Kg1 Nxd1 17. Nxd1 0-0 18. Nf2 Bd7 19. Ne5 Be6 20. Nc6 Bd7 21. Ne5 Bc8 22. Nc6 Bb7 23. Na5 Ba6 24. Nc6 Bb7 25. Na5 Ba6 26. Nc6 Bb5 27. Nd4 Bd7 28. a4 Rab8 29. Nb5 Bxb5 30. axb5 Rxb5 31. Rxa7 Rc5 32. c3 Rb5 33. b4 Rbb8 34. Ra5 c6 35. Ra6 Rfc8 36. Nd3 Ra8 37. Rxa8 Rxa8 38. Kf2 Kf7 39. Kf3 Ke6 40. Ke2 Rf8 41. Nf4+ Kf5 42. Kf3 Bxf4 43. exf4 g6 44. g4+ Ke6 45. Ke3 d4+ 46. cxd4 Kd5 47. Bc3 Re8+ 48. Kf2 Ke4 49. Kg3 Rf8 50. h4 h5 51. g5 Rf5 52. Bb2 Kd3 53. Bc3 Ke2 54. b5 cxb5 55. Bb4 Kd3 56. Kf3 Kxd4 57. Bc3+ Kd3 58. Bb4 Kc4 59. Bd6 Rd5 60. Be5 Rxd2 61. f5 Kd5 62. Bf6 gxf5 63. g6 Ke6 64. Ba1 Rd1 65. Bc3 Rg1 66. g7 Kf7 67. Kf4 b4 68. Bxb4 Rg4+ 69. Kxf5 Rxb4 70. Kg5 Kxg7 71. Kxh5 Rb5+ 72. Kg4 Kh6 0-1

[Event "Montigny le Bretonneux Noel op 11th"]
[Site "Montigny le Bretonneux"]
[Date "2008.12.28"]
[Round "4"]
[White "Fayolle, Guy"]
[Black "Thomas, Vincent"]
[Result "1-0"]
[WhiteElo "1886"]
[BlackElo "1920"]
[PlyCount "53"]
[EventDate "2008.12.26"]
[EventType "swiss"]
[EventRounds "7"]
[EventCountry "FRA"]
[SourceTitle "EXT 2010"]
[Source "ChessBase"]
[SourceDate "2010.11.25"]
[SourceVersion "1"]
[SourceVersionDate "2010.11.25"]
[SourceQuality "1"]

1. e4 e6 2. d4 d5 3. Nd2 Nc6 4. Ngf3 Nf6 5. e5 Nd7 6. c3 f6 7. exf6 Qxf6 8. Nb3 Bd6 9. Bg5 Qf7 10. Qd2 e5 11. dxe5 Ncxe5 12. Nxe5 Nxe5 13. 0-0-0 Be6 14. Nd4 Bd7 15. Nb5 Bxb5 16. Bxb5+ c6 17. f4 Ng6 18. f5 Ne5 19. Bd3 Nxd3+ 20. Qxd3 0-0 21. g4 Be7 22. h4 Bxg5+ 23. hxg5 Rae8 24. Rxh7 Qe7 25. f6 Rxf6 26. gxf6 Qxf6 27. Rdh1 1-0

[Event "Montigny le Bretonneux Noel op 11th"]
[Site "Montigny le Bretonneux"]
[Date "2008.12.27"]
[Round "2"]
[White "Blot, David"]
[Black "Thomas, Vincent"]
[Result "1-0"]
[WhiteElo "1999"]
[BlackElo "1920"]
[PlyCount "57"]
[EventDate "2008.12.26"]
[EventType "swiss"]
[EventRounds "7"]
[EventCountry "FRA"]
[SourceTitle "EXT 2010"]
[Source "ChessBase"]
[SourceDate "2010.11.25"]
[SourceVersion "1"]
[SourceVersionDate "2010.11.25"]
[SourceQuality "1"]

1. e4 e6 2. d4 d5 3. Nc3 Bb4 4. e5 c5 5. Bd2 Nh6 6. Nb5 Bxd2+ 7. Qxd2 0-0 8. dxc5 f6 9. exf6 Qxf6 10. Qd4 Qe7 11. Nf3 Nc6 12. Qc3 e5 13. 0-0-0 Be6 14. Kb1 d4 15. Qa3 Bd5 16. Re1 Rf4 17. Nd6 Bxf3 18. Bc4+ Kf8 19. gxf3 Nf5 20. Rhg1 Rd8 21. Ne4 Rc8 22. Ng5 Rh4 23. Be6 h6 24. Bxc8 hxg5 25. Bxf5 Rxh2 26. Rh1 Rxf2 27. Rh8+ Kf7 28. Qd3 Qxc5 29. Qb3+ 1-0

[Event "FRA-ch op-D"]
[Site "Aix les Bains"]
[Date "2007.08.25"]
[Round "11"]
[White "Thomas, Vincent"]
[Black "Militon, Alexandre"]
[Result "1-0"]
[WhiteElo "1499"]
[BlackElo "1480"]
[PlyCount "109"]
[EventDate "2007.08.13"]
[EventType "swiss"]
[EventRounds "11"]
[EventCountry "FRA"]
[SourceTitle "CBM 120 Extra"]
[Source "ChessBase"]
[SourceDate "2007.11.01"]
[SourceVersion "1"]
[SourceVersionDate "2007.11.01"]
[SourceQuality "1"]

1. c4 d6 2. g3 g6 3. Bg2 Bg7 4. Nc3 c6 5. e4 e5 6. Nge2 Be6 7. d3 Ne7 8. Be3 0-0 9. Qd2 d5 10. exd5 cxd5 11. Bh6 dxc4 12. Bxg7 Kxg7 13. Bxb7 Bd5 14. Nxd5 Nxd5 15. Bxa8 Nb6 16. Bg2 N8d7 17. dxc4 Nxc4 18. Qc3 Ncb6 19. 0-0 Qe7 20. Rac1 Na4 21. Qb3 Nac5 22. Qa3 a6 23. Bc6 Qf6 24. Rxc5 Nxc5 25. Qxc5 Rc8 26. Rc1 Qf5 27. f4 Qg4 28. Qxe5+ Kg8 29. Kg2 Rd8 30. Nd4 Qc8 31. Rc3 Qg4 32. Bf3 Qd7 33. Rc7 Qxd4 34. Qxd4 Rxd4 35. Rc2 a5 36. Kf2 a4 37. a3 Rd6 38. Bc6 Rd1 39. Bxa4 Rh1 40. h4 Kg7 41. Kf3 h5 42. Bb5 Ra1 43. a4 Ra2 44. Ke4 Kf6 45. Rc6+ Kg7 46. b3 Ra3 47. Bc4 Ra1 48. Rc7 Re1+ 49. Kf3 Rc1 50. Rxf7+ Kh8 51. a5 Rc3+ 52. Kf2 Rc2+ 53. Be2 Ra2 54. a6 Kg8 55. Rb7 1-0

[Event "FRA-ch op-D"]
[Site "Aix les Bains"]
[Date "2007.08.17"]
[Round "4"]
[White "Roux, Jean Marie"]
[Black "Thomas, Vincent"]
[Result "0-1"]
[WhiteElo "1390"]
[BlackElo "1499"]
[PlyCount "74"]
[EventDate "2007.08.13"]
[EventType "swiss"]
[EventRounds "11"]
[EventCountry "FRA"]
[SourceTitle "CBM 120 Extra"]
[Source "ChessBase"]
[SourceDate "2007.11.01"]
[SourceVersion "1"]
[SourceVersionDate "2007.11.01"]
[SourceQuality "1"]

1. e4 e6 2. d4 d5 3. exd5 exd5 4. Nf3 Bg4 5. Nc3 Bb4 6. Bd2 Nc6 7. Be3 Nf6 8. Be2 Ne4 9. Qd3 Qd6 10. 0-0 Bf5 11. Nb5 Qd7 12. Qd1 a6 13. Na3 Bxa3 14. bxa3 Nc3 15. Qe1 Nxe2+ 16. Qxe2 0-0 17. c3 Bg4 18. Kh1 Qf5 19. Rg1 Rfe8 20. Rae1 Bxf3 21. gxf3 Re6 22. Rg5 Qf6 23. Reg1 g6 24. R1g3 Ne7 25. R5g4 h5 26. Rf4 Qxf4 27. Qd3 Qf5 28. Qd2 Rb6 29. Bh6 Rb1+ 30. Kg2 Kh7 31. Bf4 Qe6 32. Be3 Nf5 33. Rh3 Re8 34. Qc2 Re1 35. Qd2 Rxe3 36. fxe3 Nxe3+ 37. Kf2 Qxh3 0-1

[Event "FRA-ch op-D"]
[Site "Aix les Bains"]
[Date "2007.08.16"]
[Round "3"]
[White "Thomas, Vincent"]
[Black "Clement, Alexandre"]
[Result "1-0"]
[WhiteElo "1499"]
[BlackElo "1390"]
[PlyCount "51"]
[EventDate "2007.08.13"]
[EventType "swiss"]
[EventRounds "11"]
[EventCountry "FRA"]
[SourceTitle "CBM 120 Extra"]
[Source "ChessBase"]
[SourceDate "2007.11.01"]
[SourceVersion "1"]
[SourceVersionDate "2007.11.01"]
[SourceQuality "1"]

1. c4 e5 2. g3 d6 3. Bg2 Nf6 4. Nc3 Be7 5. e4 Nc6 6. Nge2 Be6 7. d3 Qd7 8. Nd5 0-0 9. 0-0 Rac8 10. a3 Rfe8 11. b4 a6 12. Bd2 Nd8 13. a4 b6 14. f4 Bh3 15. f5 Bxg2 16. Kxg2 Nxd5 17. exd5 Bf6 18. Nc3 Nb7 19. Ne4 Qe7 20. Qh5 Rb8 21. g4 g6 22. Qh3 Qd8 23. fxg6 hxg6 24. Nxf6+ Kf8 25. Nh7+ Kg8 26. Ng5 1-0